000
00351nam a2200169Ia 4500
008
210210b xxu||||| |||| 00| 0 eng d
041
_a
eng
082
_a
550/3
100
_a
DARWIN (Charles)
245
_a
Scott library
260
_a
London
_b
-
_c
300
_a
278
650
_a
Scott
650
_a
library
690
_a
Geology
906
_a
009936
999
_c
128122
_d
128122